<?xml version="1.0" encoding="UTF-8"?>
<record
    xmlns:xsi="http://www.w3.org/2001/XMLSchema-instance"
    xsi:schemaLocation="http://www.loc.gov/MARC21/slim http://www.loc.gov/standards/marcxml/schema/MARC21slim.xsd"
    xmlns="http://www.loc.gov/MARC21/slim">

  <leader>01028nam a22002057a 4500</leader>
  <controlfield tag="005">20260109115700.0</controlfield>
  <datafield tag="010" ind1=" " ind2=" ">
    <subfield code="a">HIN-130733</subfield>
  </datafield>
  <datafield tag="020" ind1=" " ind2=" ">
    <subfield code="c">400.00</subfield>
    <subfield code="a">9789390605606</subfield>
  </datafield>
  <datafield tag="035" ind1=" " ind2=" ">
    <subfield code="a">HN-103079</subfield>
  </datafield>
  <datafield tag="037" ind1=" " ind2=" ">
    <subfield code="b">DBAD</subfield>
  </datafield>
  <datafield tag="082" ind1=" " ind2=" ">
    <subfield code="a">821.08</subfield>
    <subfield code="2">2</subfield>
  </datafield>
  <datafield tag="245" ind1=" " ind2=" ">
    <subfield code="a">&#x935;&#x93F;&#x937;&#x94D;&#x923;&#x941; &#x916;&#x930;&#x947; &#x935;&#x93F;&#x932;&#x93E;&#x92A; &#x915;&#x93E; &#x906;&#x932;&#x93E;&#x92A;/</subfield>
    <subfield code="c">&#x938;&#x902;&#x92A;&#x93E;&#x926;&#x915; &#x926;&#x94D;&#x935;&#x93E;&#x930;&#x93E; &#x905;&#x902;&#x936;&#x941; &#x915;&#x941;&#x92E;&#x93E;&#x930; &#x91A;&#x94C;&#x927;&#x930;&#x940; &#x914;&#x930; &#x936;&#x941;&#x92D;&#x94D;&#x930;&#x93E; &#x936;&#x930;&#x94D;&#x92E;&#x93E;</subfield>
  </datafield>
  <datafield tag="250" ind1=" " ind2=" ">
    <subfield code="a">2</subfield>
  </datafield>
  <datafield tag="260" ind1=" " ind2=" ">
    <subfield code="b">&#x92A;&#x94D;&#x930;&#x92D;&#x93E;&#x915;&#x930; &#x92A;&#x94D;&#x930;&#x915;&#x93E;&#x936;&#x928;</subfield>
    <subfield code="c">2023</subfield>
    <subfield code="a">&#x926;&#x93F;&#x932;&#x94D;&#x932;&#x940;</subfield>
  </datafield>
  <datafield tag="270" ind1=" " ind2=" ">
    <subfield code="b">&#x926;&#x93F;&#x932;&#x94D;&#x932;&#x940;</subfield>
    <subfield code="a">&#x92A;&#x94D;&#x932;&#x93E;&#x91F; &#x928;.-55, &#x92E;&#x947;&#x928; &#x92E;&#x926;&#x930; &#x921;&#x947;&#x930;&#x940; &#x930;&#x94B;&#x921;, &#x92A;&#x93E;&#x902;&#x921;&#x935; &#x928;&#x917;&#x930; &#x908;&#x938;&#x94D;&#x91F; </subfield>
    <subfield code="e">110092</subfield>
    <subfield code="k">011-40395855</subfield>
    <subfield code="k">8368220032</subfield>
  </datafield>
  <datafield tag="300" ind1=" " ind2=" ">
    <subfield code="a">232&#x92A;&#x943;.</subfield>
    <subfield code="c">22&#x938;&#x947;&#x92E;&#x940; (&#x938;&#x93E;&#x91C;&#x93F;&#x932;&#x94D;&#x926;)</subfield>
  </datafield>
  <datafield tag="700" ind1=" " ind2=" ">
    <subfield code="a">&#x91A;&#x94C;&#x927;&#x930;&#x940;, &#x905;&#x902;&#x936;&#x941; &#x915;&#x941;&#x92E;&#x93E;&#x930; </subfield>
    <subfield code="e">&#x938;&#x902;&#x92A;&#x93E;&#x926;&#x915;</subfield>
    <subfield code="9">86261</subfield>
  </datafield>
  <datafield tag="700" ind1=" " ind2=" ">
    <subfield code="a">&#x936;&#x930;&#x94D;&#x92E;&#x93E;, &#x936;&#x941;&#x92D;&#x94D;&#x930;&#x93E; </subfield>
    <subfield code="e">&#x938;&#x902;&#x92A;&#x93E;&#x926;&#x915;</subfield>
    <subfield code="9">86262</subfield>
  </datafield>
  <datafield tag="942" ind1=" " ind2=" ">
    <subfield code="2">ddc</subfield>
    <subfield code="c">HN</subfield>
    <subfield code="h">821.08</subfield>
    <subfield code="m">&#x935;&#x93F;&#x937;&#x94D;&#x923;&#x941;&#x916;</subfield>
  </datafield>
  <datafield tag="999" ind1=" " ind2=" ">
    <subfield code="c">214057</subfield>
    <subfield code="d">214057</subfield>
  </datafield>
  <datafield tag="952" ind1=" " ind2=" ">
    <subfield code="0">0</subfield>
    <subfield code="1">0</subfield>
    <subfield code="4">0</subfield>
    <subfield code="7">0</subfield>
    <subfield code="8">NFIC</subfield>
    <subfield code="a">BN</subfield>
    <subfield code="b">BN</subfield>
    <subfield code="d">2026-01-09</subfield>
    <subfield code="e">Delivery of Books Act Division</subfield>
    <subfield code="g">400.00</subfield>
    <subfield code="l">0</subfield>
    <subfield code="o">821.08 &#x935;&#x93F;&#x937;&#x94D;&#x923;&#x941;&#x916;</subfield>
    <subfield code="p">HN-103079</subfield>
    <subfield code="r">2026-01-09 00:00:00</subfield>
    <subfield code="t">1</subfield>
    <subfield code="v">400.00</subfield>
    <subfield code="w">2026-01-09</subfield>
    <subfield code="y">HN</subfield>
  </datafield>
</record>
